[Event "Preferente Aragonesa 2024 - Grupo II"]
[Site "?"]
[Date "2024.02.03"]
[Round "2.68"]
[White "Morales Anadon, Tomas"]
[Black "Campo Millan, Diego"]
[Result "1/2-1/2"]
[WhiteElo "1643"]
[BlackElo "2060"]
[PlyCount "72"]
[GameId "2166508119425218"]
[EventDate "2024.01.27"]
[WhiteTeam "Aulazenter"]
[BlackTeam "Maristas"]

1. d4 Nf6 2. Nf3 g6 3. e3 Bg7 4. b3 O-O 5. Bb2 c5 6. Be2 d5 7. O-O cxd4 8. exd4 Nc6 9. Nbd2 Bf5 10. a3 Rc8 11. Rc1 Ne4 12. Re1 Qb6 13. Nf1 Rfd8 14. Ne3 Be6 15. Qd3 f5 16. c4 dxc4 17. Nxc4 Qc7 18. Qe3 b5 19. Nce5 Qb6 20. Nxc6 Rxc6 21. Rxc6 Qxc6 22. Rc1 Qb6 23. Bd3 Bd5 24. Qe2 a6 25. Ne5 Bxb3 26. Bxe4 Bxe5 27. dxe5 fxe4 28. Qxe4 Bd5 29. Qc2 e6 30. h3 Rf8 31. Qd2 Qb7 32. f3 Qf7 33. Qf2 Qb7 34. Bd4 Rd8 35. Bc5 Rc8 36. Qg3 Rc6 1/2-1/2

[Event "Preferente Aragonesa 2024 - Grupo II"]
[Site "?"]
[Date "2024.02.03"]
[Round "2.69"]
[White "Lacamara Pasamar, Miguel"]
[Black "Hernando Garcia, Antonio"]
[Result "1/2-1/2"]
[WhiteElo "1887"]
[BlackElo "2070"]
[PlyCount "90"]
[GameId "2166508119462083"]
[EventDate "2024.01.27"]
[WhiteTeam "Helios B"]
[BlackTeam "El Olivar B"]

1. e4 d5 2. exd5 Qxd5 3. Nc3 Qd8 4. d4 c6 5. Bc4 Nf6 6. Nf3 Bf5 7. Ne5 e6 8. g4 Be4 9. Nxe4 Nxe4 10. Qf3 Nd6 11. Bb3 Nd7 12. Bd2 Nxe5 13. dxe5 Nb5 14. c3 h5 15. g5 g6 16. O-O-O Be7 17. a4 Nc7 18. Be3 Qc8 19. Rd6 O-O 20. c4 Rd8 21. Rhd1 Ne8 22. Rxd8 Bxd8 23. Qe4 Ng7 24. f4 Nf5 25. Bf2 Kf8 26. Qd3 Ke8 27. Bc2 Bb6 28. Bxb6 axb6 29. Qb3 Qc7 30. Bxf5 exf5 31. Rd4 Rd8 32. Qd3 Rxd4 33. Qxd4 Qd8 34. Qxd8+ Kxd8 35. b4 c5 36. Kc2 Kc7 37. Kb3 Kb8 38. a5 bxa5 39. bxa5 Ka7 40. Ka4 Ka6 41. h4 b6 42. axb6 Kxb6 43. Ka3 Ka5 44. Kb3 Kb6 45. Ka3 Ka5 1/2-1/2

[Event "Preferente Aragonesa 2024 - Grupo II"]
[Site "?"]
[Date "2024.02.03"]
[Round "2.70"]
[White "Veras Sanz, Marino"]
[Black "Lorente Melcon, Hector"]
[Result "0-1"]
[WhiteElo "2009"]
[BlackElo "1795"]
[PlyCount "52"]
[GameId "2166508119556292"]
[EventDate "2024.01.27"]
[WhiteTeam "El Olivar B"]
[BlackTeam "Helios B"]

1. Nf3 Nf6 2. g3 b6 3. Bg2 Bb7 4. d4 e6 5. O-O Be7 6. c4 d5 7. b3 O-O 8. Bb2 Nbd7 9. Nc3 c5 10. cxd5 Nxd5 11. Qd2 Bf6 12. Ne4 Be7 13. Rfd1 Rc8 14. Ne5 Nxe5 15. dxe5 c4 16. bxc4 Rxc4 17. Nf6+ gxf6 18. e4 Nc3 19. Qh6 Ne2+ 20. Kh1 Nd4 21. exf6 Bxf6 22. e5 Bxg2+ 23. Kxg2 Qd5+ 24. Kh3 Qxe5 25. Qe3 Qh5+ 26. Kg2 Nc2 0-1

[Event "Preferente Aragonesa 2024 - Grupo II"]
[Site "?"]
[Date "2024.02.03"]
[Round "2.71"]
[White "Gonzalez Azuara, Javier"]
[Black "Gracia Campo, Carlos Alberto"]
[Result "0-1"]
[WhiteElo "1707"]
[BlackElo "2007"]
[PlyCount "104"]
[GameId "2166508119601349"]
[EventDate "2024.01.27"]
[WhiteTeam "Helios B"]
[BlackTeam "El Olivar B"]

1. d4 Nf6 2. c4 g6 3. Bf4 Bg7 4. Nc3 c5 5. Nf3 cxd4 6. Nb5 d6 7. Qxd4 Nc6 8. Qd2 Ne4 9. Qc1 a6 10. Nc3 Nxc3 11. bxc3 Qa5 12. Bd2 Be6 13. e3 Qa4 14. Qd1 Qxd1+ 15. Rxd1 Na5 16. Rb1 Rc8 17. Nd4 Bxc4 18. Bxc4 Rxc4 19. O-O b5 20. Rb4 Kd7 21. a4 bxa4 22. Rfb1 Rhc8 23. Rb6 Bxd4 24. exd4 Nb3 25. Be1 R8c6 26. Rb7+ Rc7 27. Rb6 a5 28. Kf1 Kc8 29. Ke2 Rb7 30. Rxb7 Kxb7 31. Kd3 d5 32. Bd2 Kc6 33. Bg5 Kd7 34. Be3 Rc6 35. Kc2 f6 36. Kb2 e5 37. Ka3 Rxc3 38. Kxa4 exd4 39. Bf4 g5 40. Bg3 d3 41. Rxb3 d2 42. Rxc3 d1=Q+ 43. Kb5 a4 44. Rc7+ Ke6 45. Ra7 Qb3+ 46. Kc6 Qc4+ 47. Kb7 Qb3+ 48. Kc6 a3 49. Bd6 a2 50. g4 Qc2+ 51. Bc5 Ke5 52. Ra3 d4 0-1

[Event "Preferente Aragonesa 2024 - Grupo II"]
[Site "?"]
[Date "2024.02.03"]
[Round "2.72"]
[White "Bailo Remacha, Santiago"]
[Black "Moreno Burillo, Maria"]
[Result "1-0"]
[WhiteElo "1901"]
[BlackElo "1536"]
[PlyCount "75"]
[GameId "2166508119638214"]
[EventDate "2024.01.27"]
[WhiteTeam "El Olivar B"]
[BlackTeam "Helios B"]

1. Nf3 Nf6 2. c4 g6 3. b3 Bg7 4. Bb2 O-O 5. g3 d6 6. d4 Nbd7 7. Bg2 c5 8. O-O Rb8 9. Nc3 b6 10. d5 Ng4 11. Qc2 Nge5 12. Nd2 Nf6 13. h3 Re8 14. f4 Ned7 15. e4 Nh5 16. Ne2 Nf8 17. g4 Bxb2 18. Qxb2 Ng7 19. e5 e6 20. Ne4 dxe5 21. fxe5 Nd7 22. Nf6+ Nxf6 23. exf6 exd5 24. cxd5 Ba6 25. Rae1 Bxe2 26. Rxe2 Rxe2 27. Qxe2 Ne8 28. g5 Qd6 29. Re1 Nc7 30. Qe7 Qxe7 31. Rxe7 Nb5 32. a4 Nd4 33. d6 Nf5 34. Rd7 Kf8 35. Bd5 h6 36. Rxf7+ Ke8 37. d7+ Kd8 38. Rf8+ 1-0

[Event "Campeonato de Aragon por Equipos 2024 - "]
[Site "?"]
[Date "2024.02.10"]
[Round "3.1"]
[White "Gines Esteo, Pedro Antonio"]
[Black "Fernandez Guillen, Ernesto J"]
[Result "1/2-1/2"]
[WhiteElo "2472"]
[BlackElo "2465"]
[PlyCount "36"]
[GameId "2166508119679175"]
[EventDate "2024.01.27"]
[WhiteTeam "MyInvestor Casablanca A"]
[BlackTeam "Marcos Frechin A"]

1. Nf3 Nf6 2. c4 e6 3. g3 b6 4. Bg2 Bb7 5. d4 d5 6. cxd5 exd5 7. O-O Be7 8. Nc3 O-O 9. Bf4 Re8 10. Qc2 Na6 11. Rad1 Bf8 12. Ne5 h6 13. a3 c6 14. e4 Nc7 15. Qb3 Ne6 16. exd5 cxd5 17. Be3 a6 18. Nd3 Rc8 1/2-1/2

[Event "Campeonato de Aragon por Equipos 2024 - "]
[Site "?"]
[Date "2024.02.10"]
[Round "3.2"]
[White "Hinojar Basa, Alfonso"]
[Black "Glavina, Pablo"]
[Result "0-1"]
[WhiteElo "2215"]
[BlackElo "2406"]
[PlyCount "236"]
[GameId "2166508119724232"]
[EventDate "2024.01.27"]
[WhiteTeam "Marcos Frechin A"]
[BlackTeam "MyInvestor Casablanca A"]

1. e4 e5 2. Nf3 Nc6 3. Bb5 a6 4. Ba4 Nf6 5. Qe2 Bd6 6. c3 O-O 7. O-O Re8 8. Rd1 h6 9. d3 Bf8 10. Nbd2 d5 11. Nf1 b5 12. Bc2 d4 13. Ng3 a5 14. a4 b4 15. cxd4 exd4 16. Bb3 Qd6 17. h3 Be6 18. Qc2 Nd7 19. Ne2 Bxb3 20. Qxb3 Nc5 21. Qc4 Qe6 22. Qxe6 Rxe6 23. Nf4 Ree8 24. Nd5 Bd6 25. Bf4 Bxf4 26. Nxf4 Nb3 27. Rab1 Ne5 28. Nxe5 Rxe5 29. Ne2 Re7 30. Nc1 Nc5 31. b3 f5 32. f3 fxe4 33. fxe4 Rf8 34. Rf1 Ref7 35. Rxf7 Kxf7 36. Rb2 Ke6 37. Rc2 Kd6 38. Rc4 Ne6 39. Ne2 c5 40. Rc2 h5 41. h4 g6 42. Nc1 Ke5 43. Ne2 Rf7 44. Rc1 Rf8 45. Rc2 Kd6 46. Nc1 Rf4 47. g3 Rf3 48. Kg2 Re3 49. Kf2 Ke5 50. Re2 Rxe2+ 51. Kxe2 g5 52. hxg5 Nxg5 53. Kf2 Ne6 54. Ke2 Ng5 55. Kf2 Nf7 56. Kf3 Kf6 57. Kf2 Ne5 58. Kf1 Kg5 59. Kf2 Ng4+ 60. Kg2 Ne3+ 61. Kf3 Nc2 62. Kf2 Kf6 63. Kf3 Ke5 64. Ke2 Na1 65. Kd2 Ke6 66. Kd1 Kf6 67. Ke2 Kg5 68. Kf3 Nc2 69. Kf2 Ne3 70. Kf3 Ng4 71. Ke2 Ne5 72. Kf2 h4 73. Kg2 Kg4 74. gxh4 Kxh4 75. Kh2 Kg4 76. Kg2 Kf4 77. Kf2 Ng4+ 78. Ke2 Kg3 79. Kd2 Kf3 80. Ne2 Ne5 81. Ng1+ Kg2 82. Ne2 Ng6 83. e5 Kf3 84. e6 Kg4 85. Kd1 Kf5 86. Ng3+ Kxe6 87. Ne4 Kd5 88. Nf6+ Kc6 89. Ng4 Kd6 90. Kd2 Ne5 91. Nf6 Nf3+ 92. Ke2 Ng5 93. Ne8+ Ke5 94. Nc7 Kf5 95. Ne8 Ke6 96. Nc7+ Ke5 97. Na8 Nf7 98. Nb6 Nd6 99. Nd7+ Kd5 100. Nf6+ Ke6 101. Nh5 Ke5 102. Ng3 Nc8 103. Nf1 Nd6 104. Nd2 Kf4 105. Nf3 Nf5 106. Kf2 Ne3 107. Nd2 Ng4+ 108. Ke2 Ne5 109. Nf1 Nf3 110. Kf2 Kg4 111. Ke2 Ng1+ 112. Kf2 Nh3+ 113. Ke2 Nf4+ 114. Kd2 Kf3 115. Nh2+ Kg3 116. Nf1+ Kg2 117. Ke1 Nxd3+ 118. Ke2 Nc1+ 0-1

[Event "Campeonato de Aragon por Equipos 2024 - "]
[Site "?"]
[Date "2024.02.10"]
[Round "3.3"]
[White "Quintin Navarro, Alberto"]
[Black "Miranda Herrera, Jorge Manuel"]
[Result "1-0"]
[WhiteElo "2371"]
[BlackElo "2091"]
[PlyCount "65"]
[GameId "2166508119785673"]
[EventDate "2024.01.27"]
[WhiteTeam "MyInvestor Casablanca A"]
[BlackTeam "Marcos Frechin A"]

1. e4 d6 2. Nc3 e5 3. g3 f5 4. d4 exd4 5. Qxd4 Nc6 6. Qe3 Nf6 7. Bd2 Qe7 8. Bg2 fxe4 9. Nxe4 Nxe4 10. Bxe4 Be6 11. O-O-O d5 12. Bg2 O-O-O 13. Re1 Bf5 14. Qf3 Qd7 15. Qxf5 Qxf5 16. Bh3 Qxh3 17. Nxh3 Be7 18. Nf4 Bf6 19. Nh5 Bd4 20. Be3 Rhf8 21. Nf4 Rfe8 22. Bxd4 Nxd4 23. Rxe8 Rxe8 24. Nxd5 Re2 25. Rd1 c5 26. c3 Nf3 27. Nf4 Rxf2 28. h4 c4 29. Ne6 b5 30. Rd8+ Kb7 31. Rf8 Rf1+ 32. Kc2 Kc6 33. Rxf3 1-0

[Event "Campeonato de Aragon por Equipos 2024 - "]
[Site "?"]
[Date "2024.02.10"]
[Round "3.4"]
[White "Moya Gimeno, Raul"]
[Black "Adla, Diego"]
[Result "0-1"]
[WhiteElo "1928"]
[BlackElo "2383"]
[PlyCount "70"]
[GameId "2166508119834826"]
[EventDate "2024.01.27"]
[WhiteTeam "Marcos Frechin A"]
[BlackTeam "MyInvestor Casablanca A"]

1. e4 c5 2. Nf3 e6 3. d3 Nc6 4. g3 g6 5. Bg2 Bg7 6. O-O Nge7 7. c3 d5 8. Qe2 h6 9. Na3 O-O 10. h4 e5 11. Nh2 Be6 12. Nc2 Qd7 13. Rd1 Rad8 14. Be3 d4 15. cxd4 exd4 16. Bf4 f5 17. b3 fxe4 18. Bxe4 Nd5 19. Bd2 Nc3 20. Bxc3 dxc3 21. Rac1 Nd4 22. Qe3 Bf5 23. Kh1 Bxe4+ 24. dxe4 Nxc2 25. Rxd7 Nxe3 26. Rxd8 Rxd8 27. fxe3 Rd2 28. Nf3 Rf2 29. Ne1 Rxa2 30. Nd3 Rd2 31. Ne1 b5 32. Kg1 b4 33. Kf1 c4 34. Nf3 Ra2 35. bxc4 b3 0-1

[Event "Campeonato de Aragon por Equipos 2024 - "]
[Site "?"]
[Date "2024.02.10"]
[Round "3.5"]
[White "Forcen Esteban, Daniel"]
[Black "Ciriano Lamban, Alejandro"]
[Result "1-0"]
[WhiteElo "2555"]
[BlackElo "2006"]
[PlyCount "51"]
[GameId "2166508119867595"]
[EventDate "2024.01.27"]
[WhiteTeam "Jaime Casas"]
[BlackTeam "Marcos Frechin B"]

1. Nf3 Nf6 2. c4 e6 3. b3 d5 4. Bb2 Be7 5. e3 O-O 6. Nc3 c5 7. cxd5 exd5 8. d4 Nc6 9. Be2 Re8 10. O-O Bg4 11. dxc5 Bxc5 12. Rc1 Bd6 13. Nb5 Bb8 14. Bxf6 Qxf6 15. Qxd5 Qh6 16. g3 a6 17. Nbd4 Nxd4 18. Nxd4 Bh3 19. Rfe1 Ba7 20. Qxb7 Bxd4 21. exd4 Rab8 22. Qxa6 Rb6 23. Bf1 Rd8 24. Qa4 Kf8 25. Qa7 Bxf1 26. Qe7+ 1-0

[Event "Campeonato de Aragon por Equipos 2024 - "]
[Site "?"]
[Date "2024.02.10"]
[Round "3.6"]
[White "Atares Buisan, Sergio"]
[Black "Ramiro Ovejero, Juan Luis"]
[Result "1-0"]
[WhiteElo "1937"]
[BlackElo "2317"]
[PlyCount "81"]
[GameId "2166508119916748"]
[EventDate "2024.01.27"]
[WhiteTeam "Marcos Frechin B"]
[BlackTeam "Jaime Casas"]

1. e4 c5 2. Nf3 Nc6 3. d4 cxd4 4. Nxd4 e5 5. Nb5 d6 6. c4 Be6 7. Be3 g6 8. Be2 a6 9. N5c3 Bg7 10. Nd5 Bxd5 11. cxd5 Nd4 12. O-O Nf6 13. Bxd4 exd4 14. Qxd4 O-O 15. Nc3 Re8 16. Qd3 Nd7 17. b4 Rc8 18. Rac1 Qc7 19. Rc2 Qb6 20. a3 Bd4 21. Kh1 Ne5 22. Qg3 Qa7 23. f4 Nc4 24. Bxc4 Rxc4 25. Qd3 Rec8 26. Rfc1 Rxc3 27. Rxc3 Rxc3 28. Rxc3 Bxc3 29. Qxc3 Qf2 30. Qc8+ Kg7 31. Qc3+ Kg8 32. Qc8+ Kg7 33. Qc3+ f6 34. Qc7+ Kh6 35. Qc1 Kg7 36. h3 Qd4 37. Qc7+ Kh6 38. Qxd6 Qxe4 39. Qf8+ Kh5 40. Qxf6 Qxd5 41. Kh2 1-0

[Event "Campeonato de Aragon por Equipos 2024 - "]
[Site "?"]
[Date "2024.02.10"]
[Round "3.7"]
[White "Newrkla, Katharina"]
[Black "Perez Tomas, Juan Manuel"]
[Result "1/2-1/2"]
[WhiteElo "2209"]
[BlackElo "1862"]
[PlyCount "110"]
[GameId "2166508120006861"]
[EventDate "2024.01.27"]
[WhiteTeam "Jaime Casas"]
[BlackTeam "Marcos Frechin B"]

1. e4 c5 2. Nf3 d6 3. d4 cxd4 4. Nxd4 Nf6 5. Nc3 a6 6. f3 e5 7. Nb3 Be6 8. Be3 h5 9. Nd5 Bxd5 10. exd5 Nbd7 11. Qd2 Qc7 12. O-O-O g6 13. c4 a5 14. Kb1 a4 15. Nc1 Qa5 16. Qxa5 Rxa5 17. a3 Bh6 18. Bxh6 Rxh6 19. h4 Nc5 20. Na2 Kd7 21. Nc3 Rh8 22. Be2 Re8 23. g4 hxg4 24. fxg4 Nfe4 25. Nxe4 Nxe4 26. Rhf1 Ke7 27. Bf3 Nc5 28. Rd2 Rh8 29. h5 Raa8 30. Bd1 Raf8 31. Rg2 gxh5 32. gxh5 Rh7 33. Rf5 Rfh8 34. Kc1 Nd3+ 35. Kd2 Nf4 36. Rh2 Rc8 37. b3 axb3 38. Bxb3 f6 39. a4 b6 40. Bc2 Rxc4 41. Rxf4 Rxc2+ 42. Kxc2 exf4 43. Kd3 f5 44. Re2+ Kf6 45. Re6+ Kg5 46. Rxd6 Rxh5 47. Ke2 Rh2+ 48. Kf3 Ra2 49. Rxb6 Ra3+ 50. Kf2 Rxa4 51. Rb8 Rd4 52. Rg8+ Kf6 53. Kf3 Rxd5 54. Kxf4 Rd4+ 55. Kf3 Ra4 1/2-1/2

[Event "Campeonato de Aragon por Equipos 2024 - "]
[Site "?"]
[Date "2024.02.10"]
[Round "3.8"]
[White "Sanz Pueyo, Adrian"]
[Black "Roque Sola, Jose Luis"]
[Result "1/2-1/2"]
[WhiteElo "1608"]
[BlackElo "2129"]
[PlyCount "89"]
[GameId "2166508120047822"]
[EventDate "2024.01.27"]
[WhiteTeam "Marcos Frechin B"]
[BlackTeam "Jaime Casas"]

1. e4 e5 2. Nf3 Nc6 3. d4 exd4 4. Nxd4 Nf6 5. Nc3 Bb4 6. Nxc6 bxc6 7. Bd3 O-O 8. O-O d5 9. exd5 cxd5 10. Bg5 Bxc3 11. bxc3 h6 12. Bh4 Qd6 13. Qf3 Rd8 14. Rfe1 c5 15. Bxf6 Qxf6 16. Qxd5 Ba6 17. Qxc5 Bxd3 18. cxd3 Rxd3 19. Re3 Rd2 20. Rf3 Qe6 21. h3 Rxa2 22. Rxa2 Qxa2 23. c4 a5 24. Ra3 Qb1+ 25. Kh2 Qb8+ 26. g3 Qd8 27. Kg2 Ra6 28. Qd5 Qxd5+ 29. cxd5 Kf8 30. Kf3 Ke7 31. Ke4 Kd6 32. Kd4 a4 33. Kc4 f5 34. Re3 Ra5 35. Re6+ Kd7 36. Kb4 Rxd5 37. Rg6 Rd2 38. Rxg7+ Ke6 39. Rg6+ Kf7 40. Rxh6 Rxf2 41. Kxa4 Rg2 42. g4 Kg7 43. Rh5 fxg4 44. hxg4 Kg6 45. Rb5 1/2-1/2

[Event "Campeonato de Aragon por Equipos 2024 - "]
[Site "?"]
[Date "2024.02.10"]
[Round "3.9"]
[White "Cifuentes Parada, Roberto"]
[Black "Llanes Luno, Ricardo"]
[Result "1-0"]
[WhiteElo "2380"]
[BlackElo "2149"]
[PlyCount "61"]
[GameId "2166508120088783"]
[EventDate "2024.01.27"]
[WhiteTeam "Jaque - Aramovil"]
[BlackTeam "Delicias"]

1. d4 d5 2. Nf3 Nf6 3. e3 c6 4. Bd3 Bg4 5. Nbd2 e6 6. h3 Bh5 7. c4 Nbd7 8. Qc2 Be7 9. b3 Bg6 10. Bxg6 hxg6 11. O-O O-O 12. Bb2 Rc8 13. c5 Qe8 14. b4 Bd8 15. Ne5 Nxe5 16. dxe5 Nd7 17. e4 f5 18. exf6 Nxf6 19. Rae1 g5 20. exd5 Nxd5 21. Nc4 Qh5 22. Nd6 Rc7 23. Re4 Nf4 24. Be5 Rd7 25. Rfe1 Bc7 26. Bxf4 gxf4 27. Rxe6 f3 28. Qc4 Bxd6 29. Re7+ Kh8 30. Rxd7 fxg2 31. Qg4 1-0

[Event "Campeonato de Aragon por Equipos 2024 - "]
[Site "?"]
[Date "2024.02.10"]
[Round "3.10"]
[White "Lamas Mercadal, Manuel"]
[Black "Escartin Lacasa, Jose"]
[Result "1-0"]
[WhiteElo "2098"]
[BlackElo "2252"]
[PlyCount "117"]
[GameId "2166508120129744"]
[EventDate "2024.01.27"]
[WhiteTeam "Delicias"]
[BlackTeam "Jaque - Aramovil"]

1. e4 c5 2. Nf3 Nc6 3. d4 cxd4 4. c3 Nf6 5. e5 Nd5 6. Bc4 e6 7. cxd4 d6 8. O-O Be7 9. Qe2 O-O 10. Nc3 dxe5 11. dxe5 Nxc3 12. bxc3 Qc7 13. Qe4 b6 14. Bg5 Rd8 15. Bd3 Rxd3 16. Qxd3 Nxe5 17. Nxe5 Bxg5 18. Rad1 h6 19. Qb5 Kh7 20. Rfe1 Bf6 21. Re3 a6 22. Qd3+ Kg8 23. Nd7 Bxd7 24. Qxd7 Rc8 25. Qxc7 Rxc7 26. Kf1 b5 27. Rdd3 Rc4 28. g3 Ra4 29. Re2 Ra3 30. Rb2 Kf8 31. Ke2 Bxc3 32. Rc2 b4 33. Rd7 Ra5 34. Kd3 Rc5 35. Rb7 a5 36. a4 Rc8 37. Rb5 Ra8 38. Re2 Ke7 39. Rb7+ Kf6 40. Re4 g5 41. Rc4 Rd8+ 42. Ke3 Rd1 43. Rcc7 Ra1 44. Rxf7+ Kg6 45. Rfe7 Kf6 46. Re8 Rxa4 47. Rb6 Kf7 48. Rexe6 b3 49. Red6 b2 50. Rb7+ Ke8 51. Rc6 Bd4+ 52. Ke2 Kd8 53. Rg6 Kc8 54. Re7 Kd8 55. Rf7 Bg7 56. Rb7 Re4+ 57. Kf3 Re1 58. Rgxg7 b1=Q 59. Rg8+ 1-0

[Event "Campeonato de Aragon por Equipos 2024 - "]
[Site "?"]
[Date "2024.02.10"]
[Round "3.11"]
[White "Calvo Simon, Jorge"]
[Black "Llanes Luno, Pedro Alfredo"]
[Result "1-0"]
[WhiteElo "2195"]
[BlackElo "2063"]
[PlyCount "95"]
[GameId "2166508120191185"]
[EventDate "2024.01.27"]
[WhiteTeam "Jaque - Aramovil"]
[BlackTeam "Delicias"]

1. Nf3 c5 2. g3 g6 3. Bg2 Bg7 4. c4 Nc6 5. Nc3 e5 6. O-O Nge7 7. d3 O-O 8. a3 a5 9. Rb1 d6 10. Bd2 Rb8 11. Ne1 Be6 12. Nc2 Qd7 13. Ne4 b5 14. Ne3 h6 15. cxb5 Rxb5 16. Nc4 Nc8 17. Bxh6 Bh3 18. Bxg7 Kxg7 19. Bxh3 Qxh3 20. Ng5 Qh5 21. h4 d5 22. Ne3 N8e7 23. Nf3 Rfb8 24. Qd2 a4 25. Ng2 Nf5 26. Rfe1 Nfd4 27. Nxd4 Nxd4 28. Ne3 Rd8 29. Nd1 Qg4 30. Nc3 Rb3 31. Qg5 Qd7 32. Qxe5+ f6 33. Qf4 Rb7 34. e3 Nb3 35. Qxa4 Qh3 36. Qf4 Re7 37. Rbd1 Kg8 38. Nxd5 Rxd5 39. Qc4 Red7 40. Qxb3 g5 41. e4 gxh4 42. exd5 hxg3 43. Qb8+ Kh7 44. Qxg3 Rg7 45. Re3 Qh5 46. Rde1 Rxg3+ 47. Rxg3 f5 48. Kg2 1-0

[Event "Campeonato de Aragon por Equipos 2024 - "]
[Site "?"]
[Date "2024.02.10"]
[Round "3.12"]
[White "Gaspar Calvo, Luis Alberto"]
[Black "Ereza Vizcarra, Fernando"]
[Result "1/2-1/2"]
[WhiteElo "1839"]
[BlackElo "2166"]
[PlyCount "106"]
[GameId "2166508120232146"]
[EventDate "2024.01.27"]
[WhiteTeam "Delicias"]
[BlackTeam "Jaque - Aramovil"]

1. e4 d6 2. d4 Nf6 3. Nc3 e5 4. Nf3 Nbd7 5. Rg1 c6 6. g4 g6 7. g5 Nh5 8. Be3 Qc7 9. Qd2 b5 10. d5 b4 11. dxc6 bxc3 12. cxd7+ Bxd7 13. Qxc3 Qxc3+ 14. bxc3 Bc6 15. Bd3 Bg7 16. c4 O-O 17. Rb1 f5 18. gxf6 Rxf6 19. Nd2 Nf4 20. Rg3 Bh6 21. c5 Nxd3+ 22. cxd3 Bf4 23. Bxf4 exf4 24. Rg5 h6 25. Rg1 dxc5 26. Nc4 Re8 27. f3 Kg7 28. Kd2 g5 29. Na5 Re7 30. Rgc1 Be8 31. Rxc5 Rb6 32. Rbc1 Ra6 33. Rc7 Rxc7 34. Rxc7+ Kg6 35. Rc5 Kh5 36. d4 Kh4 37. d5 Kh3 38. e5 Kg2 39. e6 g4 40. fxg4 f3 41. Ke3 Rxa5 42. Rc2+ Kh3 43. Kxf3 Rxd5 44. Rc8 Bg6 45. Rh8 Kh4 46. Rxh6+ Kg5 47. Rh8 Rd3+ 48. Ke2 Rd6 49. Kf3 Rxe6 50. h4+ Kf6 51. h5 Kg7 52. Rc8 Bxh5 53. gxh5 Ra6 1/2-1/2

[Event "Campeonato de Aragon por Equipos 2024 - "]
[Site "?"]
[Date "2024.02.10"]
[Round "3.13"]
[White "Ramon Perez, Jose Luis"]
[Black "Lopez Caudevilla, David"]
[Result "0-1"]
[WhiteElo "2189"]
[BlackElo "2180"]
[PlyCount "70"]
[GameId "2166508120269011"]
[EventDate "2024.01.27"]
[WhiteTeam "Fraga"]
[BlackTeam "Actur Rey Fernando"]

1. e4 g6 2. d4 Bg7 3. Nc3 a6 4. Be3 b5 5. h4 Bb7 6. h5 b4 7. Nd5 e6 8. h6 Bf8 9. Nf4 Bxe4 10. d5 e5 11. Nd3 Bd6 12. Nc5 Bxc5 13. Bxc5 Nf6 14. Bc4 d6 15. Bxb4 Bxg2 16. Rh2 Be4 17. Qd2 Nbd7 18. Bb3 O-O 19. O-O-O a5 20. Bxa5 Nc5 21. Bc4 Ng4 22. Rh3 Rxa5 23. Qxa5 Nxf2 24. Qd2 Nxh3 25. Nxh3 Qh4 26. Bf1 Bf3 27. Re1 Ne4 28. Qe3 f5 29. Ng1 Bh1 30. Bd3 f4 31. Qe2 f3 32. Qxe4 Qxh6+ 33. Kd1 f2 34. Qe2 fxg1=Q 35. Rxg1 Bf3 0-1

[Event "Campeonato de Aragon por Equipos 2024 - "]
[Site "?"]
[Date "2024.02.10"]
[Round "3.14"]
[White "Abos Rosico, Antonio"]
[Black "Vallverdu Miret, Oscar"]
[Result "1-0"]
[WhiteElo "2071"]
[BlackElo "2084"]
[PlyCount "73"]
[GameId "2166508120305876"]
[EventDate "2024.01.27"]
[WhiteTeam "Actur Rey Fernando"]
[BlackTeam "Fraga"]

1. e4 e5 2. Nf3 Nf6 3. Nxe5 d6 4. Nf3 Nxe4 5. d4 d5 6. Bd3 Bd6 7. O-O O-O 8. Re1 Re8 9. c4 c6 10. Qb3 a5 11. Nc3 Nxc3 12. Rxe8+ Qxe8 13. bxc3 h6 14. Bd2 a4 15. Qc2 Be6 16. c5 Bc7 17. Re1 Qc8 18. Nh4 Nd7 19. Bh7+ Kf8 20. Ng6+ Ke8 21. Nf4 Nf8 22. Nh5 g6 23. Ng7+ Ke7 24. Nxe6 fxe6 25. Bxg6 Nxg6 26. Qxg6 Qg8 27. Qxg8 Rxg8 28. Bxh6 b5 29. cxb6 Bxb6 30. h4 Rh8 31. Bg5+ Kf7 32. g4 Ba5 33. Rc1 Bb6 34. Kg2 c5 35. Rb1 Ba5 36. Rb7+ Kg6 37. f4 1-0

[Event "Campeonato de Aragon por Equipos 2024 - "]
[Site "?"]
[Date "2024.02.10"]
[Round "3.15"]
[White "Aribau Rivas, Miguel Angel"]
[Black "Garcia Alvarez, Sergio"]
[Result "1/2-1/2"]
[WhiteElo "2029"]
[BlackElo "1796"]
[PlyCount "114"]
[GameId "2166508120342741"]
[EventDate "2024.01.27"]
[WhiteTeam "Fraga"]
[BlackTeam "Actur Rey Fernando"]

1. e4 d6 2. d4 g6 3. c3 Bg7 4. f4 e6 5. Nf3 Ne7 6. Bd3 b6 7. O-O O-O 8. a4 a6 9. Qe2 c5 10. Be3 Nd7 11. Nbd2 d5 12. Bf2 c4 13. Bc2 Bb7 14. Bh4 Bf6 15. Bg3 Rc8 16. Ne5 Nc6 17. exd5 exd5 18. Qf3 Qc7 19. Rae1 Ne7 20. Ng4 Qc6 21. f5 Bg5 22. Qf2 gxf5 23. Ne5 Nxe5 24. Rxe5 Qh6 25. Nf3 Ng6 26. Nxg5 Nxe5 27. dxe5 Qxg5 28. Bh4 Qh5 29. Bf6 Rc6 30. Bxf5 Rxf6 31. exf6 Kh8 32. Qxb6 Ba8 33. Qd4 Rg8 34. Rf4 Qe2 35. Rf2 Qe1+ 36. Rf1 Qe2 37. Qf2 Qh5 38. g3 Re8 39. g4 Qh6 40. Re1 Rg8 41. Qd4 Qg5 42. Re5 h5 43. Kf2 hxg4 44. Bd7 g3+ 45. Ke2 Qh6 46. hxg3 Rxg3 47. Re8+ Rg8 48. Rxg8+ Kxg8 49. Qg1+ Kh7 50. Bf5+ Kh8 51. Qg3 Qxf6 52. Qb8+ Kg7 53. Qxa8 Qxf5 54. Qxa6 Qe4+ 55. Kf2 Qf5+ 56. Kg3 Qg5+ 57. Kf3 Qf5+ 1/2-1/2

[Event "Campeonato de Aragon por Equipos 2024 - "]
[Site "?"]
[Date "2024.02.10"]
[Round "3.16"]
[White "Vela Frago, Alberto"]
[Black "Arrieta Restrepo, Steven"]
[Result "1-0"]
[WhiteElo "2310"]
[BlackElo "2079"]
[PlyCount "81"]
[GameId "2166508120457430"]
[EventDate "2024.01.27"]
[WhiteTeam "MyInvestor Casablanca B"]
[BlackTeam "Monzon"]

1. e4 e6 2. d4 d5 3. Nd2 Nf6 4. e5 Nfd7 5. f4 c5 6. Ngf3 Nc6 7. Nb3 c4 8. Nbd2 b5 9. Be2 b4 10. b3 c3 11. Nf1 a5 12. a4 bxa3 13. Bxa3 Bxa3 14. Rxa3 Qe7 15. Ra1 Nb6 16. Ne3 O-O 17. Qd3 Ba6 18. Qxc3 Rfc8 19. Bxa6 Rxa6 20. Qd2 a4 21. O-O Rca8 22. bxa4 Na5 23. Qd3 Nac4 24. Ng4 Nxa4 25. Ng5 g6 26. Nxh7 Qh4 27. Qg3 Qxg3 28. Nhf6+ Kg7 29. hxg3 Nc3 30. Rxa6 Rxa6 31. Kf2 Ra2 32. Rh1 Rxc2+ 33. Kf3 g5 34. Rh7+ Kg6 35. Rh8 Nd2+ 36. Ke3 gxf4+ 37. gxf4 Nc4+ 38. Kd3 Rc1 39. Rg8+ Kf5 40. Nh6+ Kxf4 41. Nh5# 1-0

[Event "Campeonato de Aragon por Equipos 2024 - "]
[Site "?"]
[Date "2024.02.10"]
[Round "3.17"]
[White "Barranco Mananet, Fernando"]
[Black "Lorente Melcon, Maximo"]
[Result "1/2-1/2"]
[WhiteElo "2013"]
[BlackElo "2137"]
[PlyCount "81"]
[GameId "2166508120506583"]
[EventDate "2024.01.27"]
[WhiteTeam "Monzon"]
[BlackTeam "MyInvestor Casablanca B"]

1. e4 e5 2. Nf3 Nc6 3. d4 exd4 4. Nxd4 Qf6 5. Nxc6 Bc5 6. Qd2 dxc6 7. Bd3 Be6 8. O-O O-O-O 9. Qe2 h5 10. Kh1 Nh6 11. f3 Kb8 12. Nc3 Rde8 13. Be3 Bxe3 14. Qxe3 Bc8 15. Rae1 h4 16. e5 Qe7 17. Qf4 g5 18. Qf6 Qf8 19. Qxg5 Rg8 20. Qxh4 Qg7 21. Qf2 Bf5 22. Bxf5 Nxf5 23. g4 Ne7 24. Qg3 Rh8 25. Ne4 Rh6 26. Rf2 Reh8 27. Qf4 Nd5 28. Qf5 Rh4 29. Nf6 Ne7 30. Qf4 Ng6 31. Qg5 Rh3 32. Nh5 Qg8 33. f4 Qf8 34. f5 Nh4 35. Qg7 Qxg7 36. Nxg7 Nf3 37. Ree2 Nd4 38. Rd2 Nf3 39. Rde2 Rg3 40. Rxf3 Rxf3 41. Nh5 1/2-1/2